000 00290nam a2200133Ia 4500
100 _aVishwanath/ A.N
942 _cRB
654 _aStatistics
245 _aIntroduction to Statistics
260 _bWiley eastern
_aNew Delhi
_c1983
082 _a519.5
300 _a135
546 _aENGLISH
999 _c31743
_d31743